Регионална библиотека "Любен Каравелов" - Русе

Етюди за кларинет (Запис номер 349521)

MARC детайли
000 -Лидер
Контролно поле с фиксирана дължина ncm a22 a 4500
003 - Код на организацията, давaща контролен номер
Контролно поле BLK
005 - Дата и час на последна редакция
Контролно поле 20201007040653.0
008 - Елементи от данни с фиксирана дължина
fixed length control field 200325b bu ||||| |||| 00| 0 bu d
040 ## - Източник на каталожния запис
Идентификатор на билиотеката - собственик на записа BLK
041 ## - Код за език
Код за езика на текст/звукозапис или на отделно заглавие Български
Код за езика КДБФ Български
080 ## - УДК
Текстов определител УДК Кларинет. Етюди, гами, учебна литература
УДК код - определител по УДК 788.6.087.5
УДК - код + определител 788.6.087.5
100 ## - Редна дума - Автор
Автор Димитров, Сава
Авторска отговорност първи автор
R(LIN) 1299
139 ## - Редно поле
Редна дума Димитров, Сава
Авторски знак Дими - Д 58
245 ## - Сведения за заглавието
Заглавие Етюди за кларинет
Редно поле (дума) Сава Димитров
Том II тетрадка
260 ## - Област на издателските данни
9 (RLIN) 209548
Място на издаване, разпространение и проч. София
Име на издателя, разпространителя и проч. Наука и изкуство
Година на издаване 1958
Издателство - префикс ISBN 978-954-02-
300 ## - Физическа характеристика
Размери/Мащаб 32 см
380 ## - Жанр
Жанр Изкуство
650 #0 - Допълнително описание по предмет – тема
9 (RLIN) 353811
Основно описание – тема или топоним Кларинет - етюди, гами
653 #7 - Ключова дума – ненормативна
9 (RLIN) 188643
Ключова дума кларинети
653 #7 - Ключова дума – ненормативна
9 (RLIN) 186510
Ключова дума етюди
760 ## - Описание на основната серия
Страници - том 25 с.
Част - том II тетрадка
852 ## - Местоположение
Форматна сигнатура Цб М II 75
Фондова буква Отдел Изкуство - подръчен фонд
999 ## - СИСТЕМНИ КОНТРОЛНИ НОМЕРА
Koha biblionumber 349521
Koha biblioitemnumber 349521
942 ## - АРТИКУЛИ
Вид на библиотечния материал Нотни издания
Скрит в OPAC Не
Периодичен библиозапис Да
944 ## - СЪЗДАВАНЕ И РЕДАКЦИЯ на ЗАПИСА
Дата на регистрацията/редакция 2020-03-25
Служител, извършил регистрацията/редакцията Валерия Йорданова
Наличности
Код за отписване Код за изгубен артикул Източник на класификационната схема Код за повреда Коз за рестрикции Код за отдаване Артикулен № Име на библиотеката - собственик Име на библиотеката, в която се намира в момента Статус (Текущо местоположение) Дата на вписване в системата Местоположение - отдел Цена в лева Инвентарен номер Систематично азбучна сигнатура Баркод Цена в евро Служебен тип на артикула
  Не е изгубен Universal Decimal Classification Не е повреден без рестрикции заемане за дома 764523 Регионална библиотека "Любен Каравелов" Русе Регионална библиотека "Любен Каравелов" Русе Отдел Изкуство - подръчен фонд 2020-04-24 Отдел Изкуство - подръчен фонд 0.33 15440/58 788/Д 58 С 900000003845 0.17 Нотни издания
  Не е изгубен Universal Decimal Classification Не е повреден само за читалня ползва се в читалня 766291 Регионална библиотека "Любен Каравелов" Русе Регионална библиотека "Любен Каравелов" Русе Хранилище 2020-05-01 Основен фонд - ползва се само за читалня 0.32 14333/58 Цб М ІІ 75 900000007085 0.16 Нотни издания
Vip Innovations Ltd, Rousse, Bulgaria 2025